-art Definitions Quiz Stats

Quiz Updated Jan 18, 2018

Challenge
Share
Tweet
Embed
Score 0/15 Timer 03:00
9 Plays Today
% Correct
Cart
95.6%
Art
95.4%
Depart
95.3%
Mart
95.3%
Quart
95.1%
Braggart
94.8%
Worrywart
94.1%
Dart
93.9%
% Correct
Counterpart
92.8%
Impart
91.1%
Thwart
90.7%
Outsmart
88.8%
Rampart
87.6%
Athwart
81.2%
Upstart
76.7%

You're not logged in!

Compare scores with friends on all Sporcle quizzes.
Sign Up with Email
OR
Log In

You Might Also Like...

Show Comments

Extras

Top Quizzes Today


Score Distribution

Your Account Isn't Verified!

In order to create a playlist on Sporcle, you need to verify the email address you used during registration. Go to your Sporcle Settings to finish the process.

Report this User

Report this user for behavior that violates our Community Guidelines.

Details: